000 00613cam a22002053a 4500
001 39166
003 PGUSA
005 20140828083853.0
008 120316s2012||||xxu|||||s|||||000 | eng d
040 _aPGUSA
_beng
042 _adc
100 1 _aCahan, Abraham,
_d1860-1951
245 1 4 _aThe White Terror and The Red :
_bA Novel of Revolutionary Russia
_h[electronic resource] /
_cAbraham Cahan
260 _bProject Gutenberg,
_c2012
506 _aPublic domain in the USA.
516 _aElectronic text
830 0 _aProject Gutenberg
_v39166
856 4 0 _uhttp://www.gutenberg.org/ebooks/39166
942 _cEB
999 _c268419
_d268419